000 00606nam a2200241Ia 4500
003 OSt
005 20221007063328.0
006 a|||||r|||| 00| 0
007 ta
008 221006b |||||||| |||| 00| 0 eng d
024 _a16,511
037 _cTextual
040 _aFLL
_cFLL
_beng
041 _2eng
_aeng
082 _aY1:45, K5
100 _aSutherland Edwin H. Au.
245 0 _aCriminology
250 _a6th
260 _aBombay
_bTimes of India India
_c1965
300 _a643p
_ccm.
942 _hY1:45, K5
_cTEXL
_2CC
999 _c1130988
_d1130988